01086nam a2200265 a 450000100060000000300080000600500170001400800410003103500190007204000230009104100080011408200260012210000350014824501410018326000310032430000260035550000860038150400300046765000340049765000370053171000640056894200120063299900170064495201590066141782BD-RjUL20211209053441.0160606s1969 nyu b 001 0 eng  a(BD-RjUL)41900 aDLCcDLCdDLCbeng aeng00a352.008223bWAU 19691 aWalsh, Annmarie Hauck.912836214aThe urban challenge to government :ban international comparison of thirteen cities /c Annmarie Hauck Walsh, Foreword by Lyle C. Fitch. aNew York :bPraeger,c1969 axii, 294 p. ;c24 cm. a"Published in cooperation with the Institute of Public Administration, New York." aBibliography: p. 267-279. 0aMunicipal government.9128363 0aMetropolitan government.91283642 aInstitute of Public Administration (New York, N.Y.)9128365 2ddccBK c41782d41782 00102ddc40708NFICaRUCLbRUCLcStackd1970-07-01eSheet Zeitthingersg84.00l1o352.008 WAU 1969r2020-03-10 00:00:00s2020-02-27tC-2w2016-06-06yBK